Histoire du football / (Record no. 5532)
[ view plain ]
| 000 -LEADER | |
|---|---|
| fixed length control field | 01858nam a22002417a 4500 |
| 001 - CONTROL NUMBER | |
| control field | 5532 |
| 003 - CONTROL NUMBER IDENTIFIER | |
| control field | FISKH |
| 005 - DATE AND TIME OF LATEST TRANSACTION | |
| control field | 20250523112046.0 |
| 008 - FIXED-LENGTH DATA ELEMENTS--GENERAL INFORMATION | |
| fixed length control field | 241217b cb ||||| |||| 00| 0 eng d |
| 020 ## - INTERNATIONAL STANDARD BOOK NUMBER | |
| International Standard Book Number | 0782262047122 |
| 040 ## - CATALOGING SOURCE | |
| Original cataloging agency | FISKH |
| Language of cataloging | Fre |
| Transcribing agency | FISKH |
| Modifying agency | FISKH |
| 050 ## - LIBRARY OF CONGRESS CALL NUMBER | |
| Classification number | GV942.D54 |
| 082 ## - DEWEY DECIMAL CLASSIFICATION NUMBER | |
| Classification number | 796.33409 |
| 100 ## - MAIN ENTRY--PERSONAL NAME | |
| Personal name | Dietschy, Paul |
| 245 ## - TITLE STATEMENT | |
| Title | Histoire du football / |
| Statement of responsibility, etc. | Paul Dietschy |
| 250 ## - EDITION STATEMENT | |
| Edition statement | This edition published in 2014 |
| 260 ## - PUBLICATION, DISTRIBUTION, ETC. | |
| Place of publication, distribution, etc. | Paris : |
| Name of publisher, distributor, etc. | Perrin, |
| Date of publication, distribution, etc. | 2010 |
| 300 ## - PHYSICAL DESCRIPTION | |
| Extent | 791 pages : |
| Dimensions | 18 cm |
| 520 ## - SUMMARY, ETC. | |
| Summary, etc. | A l'heure du déclin des idéologies et des liens collectifs, le football fait office de religion civile où s'exacerbe le sentiment d'appartenance. Pour le meilleur en encourageant le dépassement et la solidarité ; pour le pire comme en témoigne l'ascension du hooliganisme. Sport de tous les excès, il est aussi celui de tous les paradoxes contemporains, car il conjugue tentation individualiste et esprit d'équipe, fraternité sportive et déchirements nationalistes, impératifs de gestion et dérives de la spéculation, égalité théorique du jeu et inégalité réelle des équipes. En résumé, il en dit beaucoup sur notre histoire en général et sur la mondialisation en particulier.<br/><br/>Paul Dietschy est ancien élève de l'École normale supérieure de Fontenay-Saint-Cloud et agrégé d'histoire. Après une thèse de doctorat d'histoire contemporaine consacrée au football à Turin, il a mené des recherches sur l'histoire politique et culturelle du sport et du football. Aujourd'hui maître de conférences à l'université de Franche-Comté, il y enseigne l'histoire contemporaine et l'histoire du sport et coanime avec Patrick Clastres un séminaire sur l'histoire du sport au Centre d'histoire de Sciences-Po (Paris). |
| 650 ## - SUBJECT ADDED ENTRY--TOPICAL TERM | |
| Topical term or geographic name entry element | Football |
| Form subdivision | Histoire |
| General subdivision | Sport |
| 942 ## - ADDED ENTRY ELEMENTS (KOHA) | |
| Source of classification or shelving scheme | Dewey Decimal Classification |
| Koha item type | Books |
| Suppress in OPAC | No |
| Withdrawn status | Lost status | Source of classification or shelving scheme | Damaged status | Not for loan | Collection | Home library | Current library | Shelving location | Date acquired | Total Checkouts | Full call number | Barcode | Date last seen | Price effective from | Koha item type |
|---|---|---|---|---|---|---|---|---|---|---|---|---|---|---|---|
| Dewey Decimal Classification | Non-Fiction | Footprints International School Library Network Toul Tom Poung Campus | Footprints International School Library Network Toul Tom Poung Campus | TTP Secondary Non-Fiction Bookshelves | 12/17/2024 | DIE 796.33409 GV942.D54 | 2024-2456 | 12/17/2024 | 12/17/2024 | Books |
